000 00981nam a2200229Ia 4500
999 _c53160
_d53160
001 20199
003 GE_BSU
005 20200606230748.0
008 181216s2016||||ge |||||||||||||| ||geo||
020 _a9789941094835
040 _cGE_BSU
041 _ageo
080 _a821.353.1–1 ქ-84
100 _aქუთათელაძე, გენრიეტა.
_9549
245 _aხმა ლოტოფაგების ქვეყნიდან :
_b[ლექსები] /
_cგენრიეტა ქუთათელაძე ; რედაქტორი ლაშა ხომერიკი.
264 _aთბილისი :
_bშპს [”სეზანი”],
_c2016.
300 _a160 გვ. ;
_c20 სმ.
653 _a[ლექსები]
653 _aხმა ლოტოფაგების ქვეყნიდან
700 _aხომერიკი, ლაშა
_eრედაქტორი
_98310
942 _cBK
_2udc